|
|
|
|
| LEADER |
00000cam a2200000 7i4500 |
| 001 |
0000002201 |
| 005 |
20030322.0 |
| 020 |
0 |
0 |
|a 1853838713
|
| 090 |
0 |
0 |
|a 338.174987
|b TAP 2002
|
| 245 |
0 |
0 |
|a TAPPING the green market :
|b certification and management of non-timber forest products
|c edited by Patricia Shanley ... [et al.]
|
| 260 |
0 |
0 |
|a London ; Sterling, VA :
|b Earthscan Pub. ,
|c 2002
|
| 300 |
|
|
|a xiv, 456 p. :
|b ill. ;
|c 24 cm.
|
| 440 |
0 |
0 |
|a People and plants conservation series
|
| 500 |
0 |
0 |
|a Includes bibliography : p. 407-439 and index
|
| 650 |
0 |
0 |
|a Non-timber forest products
|x Certification
|
| 700 |
0 |
1 |
|a Shanley
|h Patricia ,
|c 1955-
|
| 998 |
|
|
|a JPSM
|
| 999 |
|
|
|a 0000003712
|b Monograph
|c Open Shelf
|e Default branch
|
| 999 |
|
|
|a 0000005967
|b Monograph
|c Open Shelf
|e Default branch
|